| 000 | 01245cam a22003497a 4500 | ||
|---|---|---|---|
| 003 | CHAP | ||
| 005 | 20220329142652.0 | ||
| 008 | 010920d2001 mx r 00110 spa d | ||
| 010 | _a86271 | ||
| 011 | _a87243 | ||
| 035 | _a97786 | ||
| 040 | _cCHAP | ||
| 090 | _aTesis | ||
| 100 | 0 | 0 |
_aVallejo Gutiérrez, Claudia Ivonne. _9117642 |
| 245 | 1 | 0 |
_aDeterminación y cuantificación de compuestos volátiles en flor de calabaza (Cucurbita pepo) _c/por Claudia Ivonne Vallejo Gutiérrez |
| 260 |
_aIrapuato, Gto. : _bEl autor, _c1997. |
||
| 300 |
_a80 h. ; _bgráfs. |
||
| 502 | _aTesis (Ing. en Alimentos) -- Universidad de Guanajuato. Instituto de Ciencias Agrícolas | ||
| 590 |
_aALEPH _b10 _c20130110 _lUCH01 _h1449 |
||
| 590 |
_aBATCH-UPD _b10 _c20130110 _lUCH01 _h0829 |
||
| 590 |
_aBATCH-UPD _b10 _c20130410 _lUCH01 _h0507 |
||
| 590 |
_aBATCH-UPD _b10 _c20130914 _lUCH01 _h0344 |
||
| 590 |
_aCONVERSION _b10 _c20130109 _lUCH01 _h1348 |
||
| 650 | 1 | 4 |
_aAnálisis cromatográfico. _95964 |
| 650 | 1 | 4 |
_aCalabaza _xFloración. _917273 |
| 650 | 1 | 4 |
_aEspectrografía de masa. _937798 |
| 650 | 1 | 4 |
_aGases. _947216 |
| 901 | _aBK | ||
| 905 | _aAlejandra Carrasco M. | ||
| 942 | _cTESIS | ||
| 949 |
_aTesis _bBC _cTES _d33724000877924 _eTS1 _h39983 _i97786 _sb |
||
| 999 |
_c86271 _d86271 |
||